000 002680000a22000970004500
100 1 _aRam, Eric R.
245 1 0 _aHablemos de salud : Información es poder
300 _aVol. 10, Num 4 (Octubre-Diciembre, 1991) Páginas 30-31
773 0 _tIglesia y Misión
942 _cANA
999 _c51941
_d51941